000
00371nam a2200157Ia 4500
008
100122s9999 xx 000 0 und d
082
_b
77461
_a
910.4
100
_a
बोरुडे संजय
245
_a
नेवासे
250
_a
1
260
_c
2009
300
_a
58
630
_a
नेवासे
730
_a
नेवासे
942
_c
BOOK
999
_c
394547
_d
394544